000 02295cam a2200301 i 4500
003 SA-RiAUC
005 20251022085611.0
008 251008s1956 ua g f00010 ara c
020 _a9777337930
040 _aSA-JeALM
_bara
_cSA-RiAUC
_erda
082 0 4 _a810.8004
_qSA-RiAUC
090 _a810.8004
_bث ع ل
100 1 _aثعلب، أحمد بن يحيى بن زيد،
_d200-291 هجري
_eمؤلف.
245 1 0 _aمجالس ثعلب /
_cلأبي العباس أحمد بن يحيى ثعلب ؛ شرح وتحقيق عبد السلام محمد هارون.
250 _aالطبعة الثالثة.
264 1 _aالقاهرة :
_bدار المعارف،
_c1956
300 _a2 مجلد ؛
_c23 سم.
336 _aنص
_btxt
_2rdacontent
_3كتاب
337 _aبدون وسيط
_bn
_2rdamedia
338 _aمجلد
_bnc
_2rdacarrier
490 0 _aذخائر العرب ؛
_v1
650 7 _aالنثر العربي
_2aucsh
700 1 _aهارون، عبد السلام محمد،
_d1909-1988
_eشارح.
856 _uhttp://www.alwaraq.net/Core/AlwaraqSrv/bookpage?book=293&option=1&fkey=2&page=1
_yDigital Copy
_2 نرجو الانتباه لإمكانية وجود اختلاف في الطبعة أو الناشر بين البيانات على البوابة وما ستجده على الكتاب نظرا لمحدودية المعلومات المتاحة على الموقع الناشر للمادة.
_3Please note that there may be a difference in the edition or publisher between the data on the portal and the book due to the limited information available on the publisher website for the material.
856 _uhttp://www.alwaraq.net/Core/waraq/coverpage?bookid=293&option=1
_yExternal Link
_2 نرجو الانتباه لإمكانية وجود اختلاف في الطبعة أو الناشر بين البيانات على البوابة وما ستجده على الكتاب نظرا لمحدودية المعلومات المتاحة على الموقع الناشر للمادة.
_3Please note that there may be a difference in the edition or publisher between the data on the portal and the book due to the limited information available on the publisher website for the material.
942 _2ddc
_cBOOK
_n0
949 _aSA-JeALM
_d251008
_umohamedma123
_n1
999 _c12714
_d12714